| 000 | 00931cab a2200205 4500 | ||
|---|---|---|---|
| 001 | ##L136212 | ||
| 008 | 070117n2007 000 0 eng u | ||
| 035 | _a(Sirsi) u136212 | ||
| 041 | 0 | _aeng | |
| 100 | 1 | _aBarrett, Nick | |
| 245 | 0 | 0 | _aCompetitive gap crushes concrete |
| 260 | _c2007 | ||
| 490 | 0 |
_aNew Steel Construction _v15(1) January 2007, 17(1) |
|
| 520 | _aThe latest "Cost comparison survey" by Corus confirms steel as the preferred option for framing, in terms of cost and speed of construction. For office buildings, steel is on average £33 per sq m cheaper for frames and floors than concrete and for the whole building steel is £55 per sq m cheaper. For residential buildings, the whole building is 3% cheaper in steel than in concrete. | ||
| 590 | _aKA | ||
| 650 | 2 | 4 | _aCORUS COST COMPARISON SURVEY |
| 651 | 4 |
_aUnited Kingdom _y |
|
| 690 | _aBUILT ENVIRONMENT-BUILDING MATERIALS-METAL-STEEL | ||
| 942 | _n0 | ||
| 999 |
_c78199 _d78199 |
||